00254nam a2200109 a 45000010005000000030005000050050017000100080041000270400020000682450036000882600020001244938CDMR20130116135302.0130130s1972||||||||||||||||||||||||||||d aCDMRbcatcCDMR 0aIsrael 72cE. Asturias Codorniu aBarcelonac1972